000 00721nam a22002292 4500
001 0000004279
005 20151217154346.0
008 070522s xx 000 0 eng d
020 _a0023557222 :
_cKES 8,282
040 _aKABU
_cKABU
050 0 _aQA276
_b.H64 1995
100 1 _aHogg, Robert V.
_@0000148195
245 1 0 _aIntroduction to mathematical statistics /
_cRobert V. Hogg, Allen T. Craig.
250 _a5th ed.
260 _aUpper Saddle River, NJ :
_bPrentice Hall,
_c1995.
300 _axi, 564 p. ;
_c24 cm.
650 0 _aMathematical statistics.
_@0000148196
700 1 _aCraig, Allen T.
_@0000148198
908 _a070522
950 _@1
999 _c10750
_d10750